000 00363nam a2200157Ia 4500
001 R-1662
003 CODICE-MESSINA
005 20260212102511.0
008 260211s9999 xx 000 0 und d
040 _cimportazione_messina
100 _aNatalie Po
245 0 _aHumans And Angel
245 0 _bRomanzo
260 _bAmazon Fulfillment
942 _2ddc
_cBK
999 _c28169
_d28169